Thick of It by KSI - Statistics

General Stats
  • This quiz has been taken 102 times
  • The average score is 138 of 208
Answer Stats
Answer % Correct
i
99%
the
97%
im
94%
know
94%
in
93%
it
93%
of
93%
thick
93%
a
90%
where
90%
my
89%
to
87%
everybody
86%
pen
83%
ring
82%
screen
82%
from
80%
for
77%
king
77%
knows
77%
crown
76%
they
76%
bling
73%
cold
72%
me
72%
no
72%
that
72%
always
70%
and
70%
drama
70%
snows
69%
froze
68%
ice
66%
so
66%
just
65%
dont
63%
nothin
63%
prime
63%
this
63%
wheres
62%
milli
59%
see
59%
thats
58%
somethin
56%
been
55%
goes
55%
ive
55%
story
55%
told
55%
forty
54%
or
54%
believe
52%
heart
52%
how
52%
is
52%
skied
52%
final
51%
form
51%
subs
51%
if
48%
stars
48%
aint
46%
bout
46%
even
46%
reaching
45%
oh
42%
woah
39%
ceiling
38%
through
38%
but
37%
down
34%
guess
34%
smash
32%
cause
31%
floor
28%
feet
25%
find
25%
knocked
24%
still
24%
out
23%
went
23%
living
21%
rooms
21%
sold
21%
straight
20%
fight
18%
tours
18%
lifes
17%
ready
17%
war
17%
trust
14%
No matching quizzes found
Score Distribution
Percent of People with Each Score
Percentile by Number Answered
Your Score History
You have not taken this quiz